Statistiques concernant Tous les vainqueurs des étapes du tdf 2020

Cliquez ici pour prendre le quiz!

Statistiques générales

  • Ce quiz a été pris 94 fois
  • Le résultat moyen est 11 sur 21

Statistiques - réponses

ÉtapesVainqueur% Correct
Lure-Blanche des Belles FillesPogacar
95%
Lyon-Grand ColombierPogacar
95%
Pau-LarunsPogacar
95%
Sisteron-Orcières MerletteRoglïc
90%
Gap-PrivasVan Aert
73%
Millau-LavaurVan Aert
73%
Châtelaillon-PoitiersEwan
63%
Nice-SisteronEwan
63%
Nice Haut Pays-NiceAlaphillipe
62%
Mantes la Jolie-Champs ÉlyséesBennet
58%
Oléron-Saint Martin de RéBennet
58%
Cazères sur Garonne-LoudenvieillePeters
52%
Nice Moyen Pays-NiceKristoff
51%
Grenoble-Col de la LozeAngel Lopez
48%
Chauvigny-Sarran CorrèzeHirshi
32%
Châtel Guyon-Puy Mary CantalMartínez
30%
Le Teil-Mont AigoualLutsenko
27%
Clermont Ferrand-LyonKrag Andersen
25%
Bourg en Bresse-ChampagnoleKrag Andersen
25%
La Tour du Pin-Villard de LansKämna
23%
Méribel-La Roche sur ForonKwiatowski
12%

Distribution des résultats

Percentile par nombre de réponses

% des personnes avec chaque résultat

Votre développement - résultats

Vous n’avez pas pris ce quiz